|
|
|
|
| LEADER |
00000cam a2200000 i 4500 |
| 001 |
1/18461 |
| 008 |
120319t2011 gr | ||| |||| ||gre|| |
| 020 |
|
|
|a 9789609541602
|
| 020 |
|
|
|a 9789609541596
|q (σετ)
|
| 020 |
|
|
|a 9789604590490
|
| 035 |
|
|
|l 10112079
|
| 040 |
|
|
|a GR-MyUA
|b gre
|e AACR2
|
| 041 |
0 |
|
|a gre
|
| 082 |
7 |
|
|a 363.7
|2 (22)
|
| 245 |
0 |
0 |
|a Εκπαίδευση για το περιβάλλον και την αειφόρο ανάπτυξη :
|b νέα δεδομένα και προσανατολισμοί /
|c επιμέλεια: Καϊλα Μαρία, Κατσίκης Απόστολος, Φώκιαλη Πέρσα, Ζαχαρίου Αραβέλλα ; πρόλογος: Α.Θ.Π. Οικουμενικού Πατριάρχου κ.κ. Βαρθολομαίου.
|
| 260 |
|
|
|a Αθήνα :
|b Διάδραση,
|c c2011.
|
| 300 |
|
|
|a 881 σ. :
|b πιν. ;
|c 24 εκ.
|
| 500 |
|
|
|a Το δεύτερο αντίτυπο έχει εκδοθεί το 2009 από τις εκδόσεις Ατραπός.
|
| 504 |
|
|
|a Περιέχει βιβλιογραφικές παραπομπές.
|
| 650 |
0 |
0 |
|a Environmental education.
|
| 650 |
0 |
0 |
|a Sustainable development
|x Study and teaching.
|
| 650 |
0 |
0 |
|a Environmental education
|x Activity programs.
|
| 650 |
0 |
0 |
|a Environmental sciences
|x Study and teaching.
|
| 700 |
1 |
|
|a Φώκιαλη, Πέρσα,
|e edtf
|
| 700 |
1 |
|
|a Ζαχαρίου, Αραβέλλα,
|e edtf
|
| 700 |
1 |
|
|a Καΐλα, Μαρία Α.
|e edtf
|
| 700 |
1 |
|
|a Κατσίκης, Απόστολος Ν.
|e edt
|
| 852 |
|
|
|a INST
|b RHODES
|e 20121102
|h 363.7 ΕΚΠ
|p 005400034728
|q 005400034728
|t BK
|y 0
|
| 852 |
|
|
|a INST
|b RHODES
|c EUDOXUS
|e 20120319
|h 363.7 ΕΚΠ
|p 005400034187
|q 005400034187
|t EDX
|y 0
|
| 852 |
|
|
|a INST
|b RHODES
|c EUDOXUS
|e 20130514
|h 363.7 ΕΚΠ
|p 005400035176
|q 005400035176
|t EDX
|y 0
|
| 852 |
|
|
|a INST
|b SAMOS
|e 20151012
|h 363.7 ΕΚΠ
|p 005300043055
|q 005300043055
|t BK
|y 0
|
| 901 |
|
|
|a BIBL4-2012-1
|
| 901 |
|
|
|a BIBL4-2012-3
|
| 901 |
|
|
|a BIBL4-2013-2
|
| 909 |
|
|
|a Ρ
|b 170841
|
| 909 |
|
|
|a Ρ
|b 176301
|
| 909 |
|
|
|a Ρ
|b 176705
|
| 920 |
|
|
|a ΕΥΔΟΞΟΣ
|b ΕΠΙΣΤΡΟΦΗ
|y Ρόδος
|z 2012-03
|
| 920 |
|
|
|a ΕΥΔΟΞΟΣ
|b ΠΑΡΑΓΓΕΛΙΑ
|y Ρόδος-ΤΕΠΑΕΣ
|z 2013-05
|
| 970 |
|
|
|z 2012/03/19
|